000
00308nam a22000977a 4500
008
150727b xxu||||| |||| 00| 0 eng d
010
_8
HCCRARF:038
245
_a
HIGH COURT CRIMINAL SESSION NO.20 OF 1985 Uganda Vs Costantine Zake
260
_a
High Court Kampala
500
_3
BEFORE: Hon. Mr. Justice A.N. Karokora
999
_c
8220
_d
8220